[Event "Berlin Lichtenberger op 17th"]
[Site "Berlin"]
[Date "2018.08.24"]
[Round "7"]
[White "Plaza Reino, Mateo"]
[Black "Torosyan, Bagrat"]
[Result "1-0"]
[WhiteElo "1410"]
[BlackElo "1309"]
[PlyCount "93"]
[EventDate "2018.08.18"]
[EventType "swiss"]
[EventRounds "9"]
[EventCountry "GER"]
[SourceTitle "CBM 186 Extra"]
[Source "ChessBase"]
[SourceDate "2018.08.24"]
[SourceVersion "1"]
[SourceVersionDate "2018.08.24"]
[SourceQuality "1"]

1. d4 d5 2. Bf4 Bf5 3. e3 Nf6 4. h3 e6 5. Nf3 Bd6 6. Bxd6 cxd6 7. Nh4 Bg6 8. Nxg6 fxg6 9. Nd2 Qb6 10. Rb1 Qa5 11. a3 Ne4 12. c3 Nxd2 13. Qxd2 0-0 14. Bd3 e5 15. 0-0 e4 16. Be2 Nc6 17. Qc2 b5 18. Bg4 Rf6 19. Qb3 Ne7 20. Bd7 a6 21. Bc6 Nxc6 22. Qxd5+ Kh8 23. Qxc6 Qd8 24. Qxe4 Qf8 25. Rbc1 Ra7 26. Qc6 Raf7 27. f3 g5 28. Qxa6 g4 29. hxg4 Qe7 30. e4 d5 31. Qa8+ Rf8 32. Qxd5 Rh6 33. Qc5 Qf6 34. g5 Qf4 35. gxh6 Qe3+ 36. Kh2 Qf4+ 37. g3 Qd2+ 38. Kg1 Qe3+ 39. Kg2 Rg8 40. hxg7+ Rxg7 41. Qf8+ Rg8 42. Qf6+ Rg7 43. Rc2 Qd3 44. Rcf2 Qc4 45. Qd8+ Rg8 46. Qd5 Qc7 47. Qe5+ 1-0

[Event "Berlin Lichtenberger op 17th"]
[Site "Berlin"]
[Date "2018.08.23"]
[Round "6"]
[White "Geldner, Gerrit"]
[Black "Plaza Reino, Mateo"]
[Result "1-0"]
[WhiteElo "1780"]
[BlackElo "1410"]
[PlyCount "119"]
[EventDate "2018.08.18"]
[EventType "swiss"]
[EventRounds "9"]
[EventCountry "GER"]
[SourceTitle "CBM 186 Extra"]
[Source "ChessBase"]
[SourceDate "2018.08.24"]
[SourceVersion "1"]
[SourceVersionDate "2018.08.24"]
[SourceQuality "1"]

1. e4 c5 2. Nf3 d6 3. c4 Nf6 4. Nc3 g6 5. d4 cxd4 6. Nxd4 Bg7 7. Be2 0-0 8. Be3 Nc6 9. 0-0 Bd7 10. Rc1 Rc8 11. f3 a6 12. Nc2 Ne5 13. b3 Qa5 14. b4 Qc7 15. Na3 Nc6 16. Nd5 Qb8 17. Qd2 Nxd5 18. cxd5 Ne5 19. h3 Rxc1 20. Rxc1 Ba4 21. b5 axb5 22. Nxb5 Rc8 23. f4 Nd7 24. Nc3 Bxc3 25. Rxc3 Nf6 26. Bf3 Rxc3 27. Qxc3 Qd8 28. Bd4 Bd7 29. g4 h6 30. g5 hxg5 31. fxg5 Ne8 32. Kh2 Qc8 33. Qe1 Ng7 34. h4 Qf8 35. Qc3 Bc8 36. Bg2 Nh5 37. Bf3 Nf4 38. e5 dxe5 39. Bxe5 Nh3 40. Qd4 Bf5 41. Bg2 Qc8 42. d6 exd6 43. Bh8 Qf8 44. Bxh3 Bxh3 45. Kxh3 d5 46. Kg3 Qd6+ 47. Kf3 Qa3+ 48. Qc3 Qxc3+ 49. Bxc3 Kf8 50. Kf4 Ke7 51. Ke5 Kd7 52. Kxd5 Kc7 53. a4 Kd7 54. a5 Kc7 55. Ke5 Kd7 56. Bb4 Kd8 57. Kf6 Ke8 58. Kg7 Kd7 59. Kxf7 Kd8 60. Kxg6 1-0

[Event "Berlin Lichtenberger op 17th"]
[Site "Berlin"]
[Date "2018.08.22"]
[Round "5"]
[White "Plaza Reino, Mateo"]
[Black "Tedesco, Gennaro"]
[Result "1/2-1/2"]
[WhiteElo "1410"]
[BlackElo "1706"]
[PlyCount "51"]
[EventDate "2018.08.18"]
[EventType "swiss"]
[EventRounds "9"]
[EventCountry "GER"]
[SourceTitle "CBM 186 Extra"]
[Source "ChessBase"]
[SourceDate "2018.08.24"]
[SourceVersion "1"]
[SourceVersionDate "2018.08.24"]
[SourceQuality "1"]

1. d4 d5 2. Bf4 Nf6 3. e3 c5 4. c3 Nc6 5. h3 Qb6 6. Qc2 g6 7. dxc5 Qxc5 8. Nf3 Bg7 9. Bd3 0-0 10. 0-0 Re8 11. Bh2 e5 12. Be2 e4 13. Nfd2 Bf5 14. Nb3 Qe7 15. Qd2 Rad8 16. Nd4 Nxd4 17. cxd4 a6 18. Nc3 b5 19. a3 Be6 20. Rac1 Rc8 21. Na2 Nd7 22. Nb4 Ra8 23. Rc7 Qg5 24. Bf4 Qh4 25. Bg3 Qg5 26. Bf4 1/2-1/2

[Event "Berlin Lichtenberger op 17th"]
[Site "Berlin"]
[Date "2018.08.21"]
[Round "4"]
[White "Eichstaedt, Torsten"]
[Black "Plaza Reino, Mateo"]
[Result "1/2-1/2"]
[WhiteElo "1361"]
[BlackElo "1410"]
[PlyCount "58"]
[EventDate "2018.08.18"]
[EventType "swiss"]
[EventRounds "9"]
[EventCountry "GER"]
[SourceTitle "CBM 186 Extra"]
[Source "ChessBase"]
[SourceDate "2018.08.24"]
[SourceVersion "1"]
[SourceVersionDate "2018.08.24"]
[SourceQuality "1"]

1. e4 c5 2. Nf3 d6 3. d4 cxd4 4. c3 dxc3 5. Bc4 Nf6 6. e5 c2 7. Qxc2 dxe5 8. Nxe5 g6 9. 0-0 e6 10. Rd1 Nbd7 11. b3 Bg7 12. Ba3 a6 13. Nxf7 Qc7 14. Bd6 Qc6 15. Nc3 Kxf7 16. Bxe6+ Kxe6 17. Qe2+ Kf5 18. g4+ Nxg4 19. Qd3+ Kf6 20. Rac1 Qh1+ 21. Kxh1 Nxf2+ 22. Kg2 Nxd3 23. Rxd3 Kf7 24. Nd5 b5 25. Rc7 Ke6 26. Nf4+ Kf7 27. Re3 Re8 28. Rf3 Kg8 29. Nd5 Re2+ 1/2-1/2

[Event "Wch U12"]
[Site "Batumi"]
[Date "2016.10.23"]
[Round "5"]
[White "Ammar, Sedrani"]
[Black "Plaza Reino, Mateo"]
[Result "0-1"]
[WhiteElo "1770"]
[BlackElo "1252"]
[PlyCount "77"]
[EventDate "2016.10.19"]
[EventType "swiss"]
[EventRounds "11"]
[EventCountry "GEO"]
[SourceTitle "EXT 2018"]
[Source "ChessBase"]
[SourceDate "2017.10.13"]
[SourceVersion "1"]
[SourceVersionDate "2017.10.13"]
[SourceQuality "1"]

1. e4 c5 2. Nc3 d6 3. g3 Nf6 4. Bg2 g6 5. d3 Bg7 6. f4 0-0 7. Nf3 Nc6 8. 0-0 Bd7 9. h3 Qc7 10. Be3 a6 11. g4 b5 12. Qd2 Rfe8 13. f5 b4 14. Nd1 a5 15. Bh6 Bh8 16. Nh4 Ne5 17. Nf3 Nc6 18. Ne3 a4 19. Nh4 Ne5 20. Bf4 Nc6 21. Rab1 Bc8 22. Bh2 Nd7 23. g5 Nde5 24. f6 exf6 25. Nd5 Qd8 26. Nxf6+ Bxf6 27. gxf6 Nd7 28. Bxd6 Nxf6 29. e5 Nd7 30. Bxc6 Ra6 31. Bb5 Rb6 32. Bc4 Kh8 33. Rbe1 Qxh4 34. Qf4 Qxf4 35. Rxf4 Rxd6 36. Rfe4 Rd4 37. R4e3 Rf8 38. c3 bxc3 39. bxc3 0-1

[Event "Wch U12"]
[Site "Batumi"]
[Date "2016.10.21"]
[Round "3"]
[White "Mashalov, Aliniyaz"]
[Black "Plaza Reino, Mateo"]
[Result "1-0"]
[WhiteElo "1617"]
[BlackElo "1252"]
[PlyCount "91"]
[EventDate "2016.10.19"]
[EventType "swiss"]
[EventRounds "11"]
[EventCountry "GEO"]
[SourceTitle "EXT 2018"]
[Source "ChessBase"]
[SourceDate "2017.10.13"]
[SourceVersion "1"]
[SourceVersionDate "2017.10.13"]
[SourceQuality "1"]

1. d4 Nf6 2. c4 c5 3. d5 b5 4. cxb5 g6 5. Nc3 d6 6. e4 a6 7. bxa6 Bxa6 8. g3 Bxf1 9. Kxf1 Bg7 10. Kg2 0-0 11. h3 Nbd7 12. Nf3 Qb6 13. Qc2 Rfc8 14. Be3 Qb7 15. a4 Ne8 16. Ra3 Nc7 17. Bg5 Nf6 18. Rha1 Na6 19. Qe2 Rcb8 20. Nb5 Nc7 21. Nd2 Nxb5 22. axb5 Rxa3 23. Rxa3 Qxb5 24. Qxb5 Rxb5 25. Ra8+ Bf8 26. Bh6 Nd7 27. Nc4 Rb8 28. Rxb8 Nxb8 29. Bxf8 Kxf8 30. f4 Ke8 31. Kf3 h5 32. g4 hxg4+ 33. Kxg4 f6 34. Nb6 Na6 35. h4 Nb4 36. f5 Kf7 37. fxg6+ Kxg6 38. h5+ Kf7 39. Kf5 Nd3 40. Nc4 Ne5 41. Nxe5+ fxe5 42. b3 Kg7 43. Ke6 Kh6 44. Kxe7 Kxh5 45. Kxd6 Kg5 46. Kxe5 1-0

[Event "EU-ch U10 25th"]
[Site "Porec"]
[Date "2015.09.21"]
[Round "1"]
[White "Plaza Reino, Mateo"]
[Black "Schlegel, Igor"]
[Result "0-1"]
[WhiteElo "1288"]
[BlackElo "1750"]
[PlyCount "44"]
[EventDate "2015.09.21"]
[EventType "swiss"]
[EventRounds "9"]
[EventCountry "CRO"]
[SourceTitle "EXT 2016"]
[Source "ChessBase"]
[SourceDate "2015.10.08"]
[SourceVersion "1"]
[SourceVersionDate "2015.10.08"]
[SourceQuality "1"]

1. e4 e5 2. Nf3 Nc6 3. d4 exd4 4. Nxd4 Nf6 5. Nxc6 bxc6 6. e5 Qe7 7. Qe2 Nd5 8. c4 Ba6 9. b3 g6 10. f4 Bg7 11. Qf2 Nb6 12. Be2 0-0 13. Ba3 d6 14. Nc3 Rfe8 15. 0-0 Qe6 16. Bf3 dxe5 17. fxe5 Bxe5 18. Rac1 Bb7 19. Ne4 Rab8 20. Nc5 Qf6 21. Ne4 Qg7 22. Nc5 Bd4 0-1